00513nam a2200193 a 4500001001300000003000900013005001700022008004100039020001000080082001300090100002700103245005300130260004000183300000800223500003500231505001700266650000900283700002700292nice12345678IN_TiNIC20260116012546.0050524s0000 chea grp 000 0 ara  ac10000a955bRAF aRafsandjani, L Hachemi aMunjazat Saneatul Arba Lilsuratah Al-Islamiatah. aChennai bLilly Soosai Opset c0000 a27p aincludes index and biblioraphy2 aBibliography aIran1 aRafsandjani, L Hachemi